00760 2200241 4500001002100000005001700021008004100038035002400079040001200103082001600115090002300131090002800154100001700182245011000199260005000309300003100359500002900390650002700419850001200446990001800458990001800476999002400494YOGYA-0209000001447420090227022423.0 ind  0010-020900000014474 aYOPDYOG a307.0959822 a307.0959822bLak T aDEP 307.72095982bLak T aLAKSONO, P.M aTRADISI dalam struktur masyarakat Jawa kerajaan dan pedesaanbalih-ubah model berpikir JawacP.M. Laksono aYogyakartabGajah mada university pressc1985 axxiv, 122 hlmbilusc21 cm aBibliografi : hlm.95-102 aMasyarakat desa - Jawa aYOPDYOG a68193-P/95b1 a68194-P/95b1 aCB-D 11 1985-200b1